00597nam a2200193Ia 450000500170000000800410001702000270005804000190008504100120010408200150011610000190013124500770015026000430022730000160027050400180028665000280030465100610033285000100039320230208140938.0131103s9999 xx 000 0 und d a0-333-24490-7cP.B.G12 aLoreto College aEnglish a820.9bGRA aGrant, Patrick aImages and Ideas in literature of the english renaissancecPatrick Grant aLondonbThe Macmillan Press LTDc!1979 aViii,243p.  aIncluds index aSymbolism in literature aEnglish literature ,-1500 - 1700 - History and criticism aLCLIB